| 000 | 00600nam a2200205Ia 4500 | ||
|---|---|---|---|
| 005 | 20240209112343.0 | ||
| 008 | 131103s9999 xx 000 0 und d | ||
| 040 | _aLoreto College | ||
| 041 | _aEnglish | ||
| 082 |
_a370.7 _bADI |
||
| 100 | _aAdiseshiah,W.T.V. | ||
| 245 |
_aEducational and Social Research, _cW.T.V.Adiseshiah and Sulochana Sekhar |
||
| 260 |
_aCoimbator _bVelan Pathippagam _c1977 |
||
| 300 |
_aiii,277 p. _b ill.,fig.10 cm. |
||
| 504 | _aIncludes index | ||
| 650 | _aEducation, Research and Related topics | ||
| 700 | _aSekhar,Sulochana | ||
| 850 | _aLCLIB | ||
| 942 | _cBK | ||
| 999 |
_c3802 _d54281 |
||